000
00320nam a22001337a 4500
008
171002b xxu||||| |||| 00| 0 eng d
020
_a
9780312643560
041
_a
eng
080
_2
9TH
_8
_a
37
100
_a
47
101
_a
EDU
245
_a
WAYS OF READING AN ANTHOLOGY FOR WRITERS
_c
BARTHOLOMAE,D
942
_2
udc
_c
BK
999
_c
31115
_d
31115